| 000 | 00644nam a2200241Ia 4500 | ||
|---|---|---|---|
| 003 | OSt | ||
| 005 | 20230515141717.0 | ||
| 008 | 210423s2013 xx 000 0 und d | ||
| 020 | _a978-81-7446-644-0 | ||
| 040 | _cAL | ||
| 041 | _aeng | ||
| 082 | _a658.8342 KAZC | ||
| 100 |
_aKAZMI (S H H);AKHTAR (Jamal) _9104215 |
||
| 245 | _aConsumer behavior: text and cases Ed 2 | ||
| 250 | _a2 | ||
| 260 |
_aNew Delhi _bExcel Books _c2013 |
||
| 300 |
_axiii,546 _bPB |
||
| 365 |
_b400 _cINR |
||
| 650 |
_aConsumer Behavior _9104216 |
||
| 650 |
_aMarketing Management _9104217 |
||
| 906 | _abehavior: ; cases ; Consumer ; Ed | ||
| 942 |
_2ddc _cBK |
||
| 999 |
_c166174 _d166174 |
||